000
00229nam a22001097a 4500
999
_c
153862
_d
153862
082
_a
_b
245
_a
UGC NET english literature model papers/
260
_a
_b
Trueman,
_c
2014.
300
_a
114p.
650
_a
942
_c
BK